[Event "GER-ch U25-B"]
[Site "Willingen"]
[Date "2018.05.22"]
[Round "4"]
[White "Thorz, Maximilian"]
[Black "Wichert, Eddi"]
[Result "1-0"]
[WhiteElo "1745"]
[BlackElo "1599"]
[PlyCount "99"]
[EventDate "2018.05.19"]
[EventType "swiss"]
[EventRounds "9"]
[EventCountry "GER"]
[SourceTitle "CBM 184 Extra"]
[Source "ChessBase"]
[SourceDate "2018.06.28"]
[SourceVersion "1"]
[SourceVersionDate "2018.06.28"]
[SourceQuality "1"]

1. d4 Nf6 2. c4 e6 3. Nc3 Bb4 4. f3 d5 5. a3 Be7 6. e4 0-0 7. e5 Nfd7 8. b4 b6 9. c5 f6 10. f4 a5 11. Be3 c6 12. Bd3 Ba6 13. Bc2 Bc4 14. Nge2 Na6 15. Qb1 h6 16. 0-0 fxe5 17. fxe5 Rxf1+ 18. Kxf1 axb4 19. axb4 bxc5 20. bxc5 Nc7 21. Rxa8 Qxa8 22. Bh7+ Kh8 23. Qg6 Nf8 24. Qf7 Nxh7 25. Qxe7 Qf8+ 26. Qxf8+ Nxf8 27. Kf2 Kh7 28. Na4 Kg6 29. Ng3 Nb5 30. Nb6 Bd3 31. Ke1 Kf7 32. Kd2 Bf5 33. Ne2 g5 34. Nc3 Nc7 35. Nca4 Nb5 36. Nc8 Ng6 37. g3 Ke8 38. Nd6+ Nxd6 39. cxd6 Nf8 40. Kc3 Kd8 41. Kb4 Nd7 42. Ka5 Bd3 43. Nb2 Be2 44. Kb4 Kc8 45. Kc3 c5 46. dxc5 Nxe5 47. Bd4 Nd7 48. c6 Nb8 49. d7+ Kd8 50. Bf6+ 1-0

[Event "GER-ch U25-B"]
[Site "Willingen"]
[Date "2017.06.04"]
[Round "2"]
[White "Youness, Fatima"]
[Black "Thorz, Maximilian"]
[Result "0-1"]
[WhiteElo "1196"]
[BlackElo "1408"]
[PlyCount "34"]
[EventDate "2017.06.04"]
[EventType "swiss"]
[EventRounds "9"]
[EventCountry "GER"]
[SourceTitle "CBM 178 Extra"]
[Source "ChessBase"]
[SourceDate "2017.06.22"]
[SourceVersion "1"]
[SourceVersionDate "2017.06.22"]
[SourceQuality "1"]

1. e4 c5 2. Nf3 d6 3. Nc3 a6 4. d4 cxd4 5. Nxd4 Nf6 6. Bg5 e5 7. Nf3 Be6 8. Bd3 Be7 9. 0-0 0-0 10. Qe2 Nc6 11. a3 Bg4 12. h3 Bh5 13. Qe3 Bxf3 14. Qxf3 Nd4 15. Qe3 Rc8 16. f4 Qb6 17. Rab1 Ne2+ 0-1